Sovetskaja ekonomika: stadial'nyj perelom.

Koncepcia štádií ekonomického rastu ako základný prístup prognózovania súčasnej sovietskej ekonomiky. Predpoklady a východiská štadiálnej analýzy tempa proporcií rozvoja. Charakteristika osobitostí zmien reprodukčných proporcií v sovietskej ekonomike a v retrospektíve. Nevyhnutnosť vytvorenia takých...

ver descrição completa

Na minha lista:
Detalhes bibliográficos
Autor principal: Černikov, D.
Formato: Capítulo de Livro
Idioma:russo
Assuntos:
Tags: Adicionar Tag
Sem tags, seja o primeiro a adicionar uma tag!

MARC

LEADER 00000naa a2200000 4500
001 r006356
005 20221130102951.2
041 0 |a rus 
044 |a [SU] 
245 1 0 |a Sovetskaja ekonomika: stadial'nyj perelom.  |c D. Černikov 
520 |a Koncepcia štádií ekonomického rastu ako základný prístup prognózovania súčasnej sovietskej ekonomiky. Predpoklady a východiská štadiálnej analýzy tempa proporcií rozvoja. Charakteristika osobitostí zmien reprodukčných proporcií v sovietskej ekonomike a v retrospektíve. Nevyhnutnosť vytvorenia takých štruktúr a proporcií, ktoré sú vlastné postindustriálnej spoločnosti. Obsah jednotlivých etáp tohto procesu. 
610 2 0 |a rast hospodársky 
610 2 0 |a ZSSR 
610 2 0 |a prognózy hospodárske 
610 2 0 |a reprodukcia spoločenská 
610 2 0 |a proporcie makroekonomické 
610 2 0 |a zmeny štruktúrne 
610 2 0 |a spoločnosť postindustriálna 
100 1 |a Černikov, D.